Normal view
MARC view
- Whiting, Nancy E.
Entry Personal Name
001 - CONTROL NUMBER
- control field: 6941
003 - CONTROL NUMBER IDENTIFIER
- control field: NUST
005 - DATE AND TIME OF LATEST TRANSACTION
- control field: 20171206092119.0
008 - FIXED-LENGTH DATA ELEMENTS
- fixed length control field: 171206|| aca||aabn | a|a d
040 ## - CATALOGING SOURCE
- Original cataloging agency: NUST
- Transcribing agency: NUST
100 ## - HEADING--PERSONAL NAME
- Personal name: Whiting, Nancy E.
670 ## - SOURCE DATA FOUND
- Source citation: Work cat.: (NUST)0: Spellman, Frank R. 5936, Environmental engineer's mathematics handbook /, c2005.
